Una historia insólita de la neurología (Registro nro. 436977)

Detalles MARC
000 -LÍDER
Campo fijo de descripción fija 00876nam a22002657a 4500
003 - IDENTIFICADOR DEL NÚMERO DE CONTROL
Campo de control BCEG
005 - FECHA Y HORA DE LA ULTIMA TRANSACCIÓN
control field 20260110140811.0
008 - ELEMENTOS DE LONGITUD FIJA -- INFORMACIÓN GENERAL
Campo fijo de descripción fija -- Información general 260110b |||||||| |||| 00| 0 spa d
020 ## - ISBN
Isbn 9786077475675
040 ## - FUENTE DE CATALOGACIÓN
Agencia de catalogación original BCEG
Idioma de catalogación spa
Agencia que realiza la transcripción BCEG
082 04 - NÚMERO DE CLASIFICACIÓN DECIMAL DEWEY
Número de clasificación 617.480232
Clave de autor-Numero de item K242h
100 1# - ASIENTO PRINCIPAL--NOMBRE PERSONAL
Nombre del autor personal Kean, Sam.
245 14 - TÍTULO PROPIAMENTE DICHO
Título Una historia insólita de la neurología
Otra información sobre el título - Subtitulo : casos reales de trauma, locura y recuperación.
260 ## - PUBLICACIÓN, DISTRIBUCIÓN, ETC. (PIE DE IMPRENTA)
Lugar de publicación, distribución, etc. Ciudad de México :
Nombre del editor, distribuidor, etc. Paidós : Ariel,
Fecha de publicación, distribución, etc. 2018.
300 ## - DESCRIPCIÓN FÍSICA
Extensión 426 p. :
Otros detalles físicos il.
504 ## - NOTA DE BIBLIOGRAFÍA, ETC.
Nota de bibliografía, etc Incluye bibliografía.
534 ## - NOTA DE VERSIÓN ORIGINAL
Frase introductoria Título original:
Título original The tale of the dueling neurosurgeons.
541 ## - NOTA DE FUENTE INMEDIATA DE ADQUISICIÓN
Nota de fuente de adquisición Donación.
650 14 - ASIENTO SECUNDARIO DE MATERIA - TERMINO TEMÁTICO
Término temático o nombre geográfico como elemento de entrada Cerebro
Subdivisión general Enfermedades
Subdivisión de forma Obras de divulgación.
650 14 - ASIENTO SECUNDARIO DE MATERIA - TERMINO TEMÁTICO
Término temático o nombre geográfico como elemento de entrada Neurociencias
Subdivisión general Historia
Subdivisión de forma Obras de divulgación.
700 1# - ASIENTO SECUNDARIO - NOMBRE PERSONAL
Nombre personal Uranga, Gabriela,
Función o responsabilidad del autor tr.
700 1# - ASIENTO SECUNDARIO - NOMBRE PERSONAL
Nombre personal Román, Carmen,
Función o responsabilidad del autor tr.
700 1# - ASIENTO SECUNDARIO - NOMBRE PERSONAL
Nombre personal Roja, Beatríz,
Función o responsabilidad del autor il.
942 ## - TIPO DE MATERIAL (KOHA)
Tipo de Item KOHA Libro
Existencias
No para Préstamo Colección Biblioteca de Origen Biblioteca Permanente Fecha de Adquisición Fuente de Adquisicion Total de Préstamos Signatura Topográfica Código de Barras Última vez visto Tipo de Material
Material en Reserva General Biblioteca Central Estatal de Guanajuato, "Wigberto Jiménez Moreno" Biblioteca Central Estatal de Guanajuato, "Wigberto Jiménez Moreno" 10/01/2026 DONAD   617.480232 K242h BCEG8655230736 14/02/2026 Libro